000 00372nam a2200133Ia 4500
008 220217s9999||||xx |||||||||||||| ||und||
020 _a0-07-563197-7
082 _a658.403 88 JAW
100 _aJawadekar, W.S
245 0 _aManagement information systems
260 _aTata mcgraw hill
_bNew Delhi
_c2000
300 _b199
650 _aMANAGEMENT INFORMATION SYSTEM
999 _c166717
_d166717